<?xml version="1.0" encoding="UTF-8"?>
<collection xmlns="http://www.loc.gov/MARC21/slim">
 <record>
  <leader>01483nam a2200193 a 4500</leader>
  <controlfield tag="001">TVCDKTCT8095</controlfield>
  <controlfield tag="003">Thư viện trường Cao đẳng Kỹ thuật Cao Thắng</controlfield>
  <controlfield tag="005">20070809000000</controlfield>
  <controlfield tag="008">070809</controlfield>
  <datafield tag="980" ind1="\" ind2="\">
   <subfield code="a">Thư viện Trường CĐ Kỹ Thuật Cao Thắng</subfield>
  </datafield>
  <datafield tag="024" ind1=" " ind2=" ">
   <subfield code="a">RG_1 #1 eb0 i7</subfield>
  </datafield>
  <datafield tag="041" ind1="0" ind2="#">
   <subfield code="a">vie</subfield>
  </datafield>
  <datafield tag="082" ind1="#" ind2="#">
   <subfield code="a">005 / </subfield>
   <subfield code="b">NH400M-gi</subfield>
  </datafield>
  <datafield tag="100" ind1="1" ind2="#">
   <subfield code="a">Nhóm phát triển  p hần mềm sinh viên học sinh-SSDG</subfield>
  </datafield>
  <datafield tag="245" ind1="0" ind2="0">
   <subfield code="a">Giáo trình Microsoft Excel 2003 (đĩa) /</subfield>
   <subfield code="c">Nhóm phát triển  p hần mềm sinh viên học sinh-SSDG</subfield>
  </datafield>
  <datafield tag="260" ind1="#" ind2="#">
   <subfield code="a">Hồ Chí Minh :</subfield>
   <subfield code="b">SSDG ,</subfield>
   <subfield code="c">2007</subfield>
  </datafield>
  <datafield tag="520" ind1="#" ind2="#">
   <subfield code="a">The goal of the O’Leary Series is to give students a basic understanding of computing concepts and to build the skills necessary to ensure that information technology is an advantage in whatever career they choose in life. The O’Leary Office 2000 Enhanced and Office XP texts are crafted to be the true step-by-step way for students to develop Microsoft Office application skills. The text design emphasizes step-by-step instructions with full screen captures that illustrate the results of each step performed. Each Tutorial (chapter) combines conceptual coverage with detailed software-specific instructions. A running case that is featured in each tutorial highlights the real-world applications of each software program and leads students step-by-step from problem to solution.</subfield>
  </datafield>
  <datafield tag="650" ind1="#" ind2="4">
   <subfield code="a">Tin học--Phần mềm</subfield>
  </datafield>
  <datafield tag="650" ind1="#" ind2="4">
   <subfield code="a">Excel</subfield>
  </datafield>
 </record>
</collection>
